Children around the world (Record no. 7928)

MARC details
000 -LEADER
fixed length control field 00884nam a22002057a 4500
003 - CONTROL NUMBER IDENTIFIER
control field OSt
005 - DATE AND TIME OF LATEST TRANSACTION
control field 20260130055337.0
008 - FIXED-LENGTH DATA ELEMENTS--GENERAL INFORMATION
fixed length control field 260129b |||||||| |||| 00| 0 eng d
020 ## - INTERNATIONAL STANDARD BOOK NUMBER
International Standard Book Number 9789715813426
040 ## - CATALOGING SOURCE
Original cataloging agency DWCL GS library
Transcribing agency OC
082 ## - DEWEY DECIMAL CLASSIFICATION NUMBER
Classification number PB 390.08 2021
100 ## - MAIN ENTRY--PERSONAL NAME
Personal name Baldos, Rick
245 ## - TITLE STATEMENT
Title Children around the world
Remainder of title full color edition
260 ## - PUBLICATION, DISTRIBUTION, ETC.
Place of publication, distribution, etc. Manila, Philippines
Name of publisher, distributor, etc. Philippine Publishing house
Date of publication, distribution, etc. c2021
300 ## - PHYSICAL DESCRIPTION
Extent 191
Other physical details illustrations
Dimensions 26cm
520 ## - SUMMARY, ETC.
Summary, etc. Children around the world is a collection of 32 real-life stories of children in their best and worst. From heroic deeds of courage to triumph, these stories will enthrall as well as instruct. In this adventuresome book are timeless truths teen will need growing up
546 ## - LANGUAGE NOTE
Language note English
700 ## - ADDED ENTRY--PERSONAL NAME
Personal name Rick Baldos
942 ## - ADDED ENTRY ELEMENTS (KOHA)
Source of classification or shelving scheme Dewey Decimal Classification
Koha item type Fiction
Classification part PB 390.08 C536 2021
Suppress in OPAC No
952 ## - LOCATION AND ITEM INFORMATION (KOHA)
--
Holdings
Withdrawn status Lost status Source of classification or shelving scheme Damaged status Not for loan Home library Current library Date acquired Source of acquisition Total Checkouts Full call number Barcode Date last seen Copy number Price effective from Koha item type Uniform Resource Identifier
    Dewey Decimal Classification     Grade School Library Grade School Library 01/29/2026 School Fund, Donation   PB 390.08 C536 2021 23850 01/29/2026 c1 01/29/2026 FIC.